[Event "BL2-West 1920"]
[Site "Germany"]
[Date "2019.09.29"]
[Round "1.4"]
[White "Mueller, Marco"]
[Black "Scholz, Christian"]
[Result "0-1"]
[WhiteElo "2224"]
[BlackElo "2373"]
[PlyCount "100"]
[EventDate "2019.09.19"]
[EventType "team-tourn"]
[EventRounds "9"]
[EventCountry "GER"]
[SourceTitle "EXT 2023"]
[Source "ChessBase"]
[SourceDate "2022.10.05"]
[SourceVersion "1"]
[SourceVersionDate "2022.10.05"]
[SourceQuality "1"]
[WhiteTeam "Schott Mainz"]
[BlackTeam "Dortmund Hansa"]
[WhiteTeamCountry "GER"]
[BlackTeamCountry "GER"]

1. c4 Nf6 2. Nf3 g6 3. b3 Bg7 4. Bb2 d6 5. d4 0-0 6. g3 c5 7. Bg2 Ne4 8. 0-0 Nc6 9. h3 Qa5 10. e3 f5 11. Qc2 e5 12. Rd1 cxd4 13. exd4 exd4 14. Nxd4 Nxd4 15. Bxd4 Bxd4 16. Rxd4 Qe5 17. Qd3 Nc5 18. Qc3 Re8 19. Rd1 Rb8 20. f4 Qxc3 21. Nxc3 Re3 22. Nb5 Rxg3 23. Rxd6 Bd7 24. Kf2 Rd3 25. Bd5+ Kf8 26. b4 Ne4+ 27. Bxe4 fxe4 28. Rxd3 exd3 29. Nd4 Rd8 30. Ke3 Bxh3 31. Rh1 d2 32. Rd1 Re8+ 33. Kf3 h5 34. Rxd2 Bg4+ 35. Kg3 Kf7 36. Rd3 Rd8 37. c5 Kf6 38. a3 a6 39. Rd2 Re8 40. Rd3 Re1 41. Nf3 Ra1 42. Nd2 Bf5 43. Re3 Ra2 44. Nc4 g5 45. fxg5+ Kxg5 46. Nd6 h4+ 47. Kf3 Bg4+ 48. Ke4 h3 49. Nxb7 h2 50. Re1 Re2+ 0-1

[Event "Oberliga Sued W 1516"]
[Site "Germany"]
[Date "2015.11.08"]
[Round "2.6"]
[White "Mueller, Marco"]
[Black "Schluchter, Steffen"]
[Result "0-1"]
[WhiteElo "2187"]
[BlackElo "2174"]
[PlyCount "60"]
[EventDate "2015.09.20"]
[EventType "team-tourn"]
[EventRounds "9"]
[EventCountry "GER"]
[SourceTitle "CBM 170 Extra"]
[Source "ChessBase"]
[SourceDate "2016.02.25"]
[SourceVersion "1"]
[SourceVersionDate "2016.02.25"]
[SourceQuality "1"]
[WhiteTeam "Schott Mainz II"]
[BlackTeam "Worms"]
[WhiteTeamCountry "GER"]
[BlackTeamCountry "GER"]

1. d4 Nf6 2. c4 e6 3. Nf3 d5 4. Nc3 Be7 5. Bg5 0-0 6. e3 c6 7. Rc1 Nbd7 8. Bd3 dxc4 9. Bxc4 Nd5 10. Bxe7 Qxe7 11. 0-0 Nxc3 12. Rxc3 e5 13. Bb3 Rd8 14. Re1 e4 15. Nd2 Nf6 16. Qc2 Bf5 17. Rc5 Bg6 18. a3 Kh8 19. Ba2 Nd7 20. Rc3 f5 21. b4 a6 22. Qb3 Re8 23. Nc4 Bh5 24. Kh1 Qh4 25. Qb2 Re6 26. Rcc1 Rh6 27. f4 Be2 28. h3 Bf3 29. Kh2 Rg6 30. Re2 Rg3 0-1

[Event "Oberliga Sued W 1415"]
[Site "Germany"]
[Date "2015.01.18"]
[Round "5.2"]
[White "Fritsche, Lutz"]
[Black "Mueller, Marco"]
[Result "0-1"]
[WhiteElo "2335"]
[BlackElo "2174"]
[PlyCount "60"]
[EventDate "2014.09.21"]
[EventType "team-tourn"]
[EventRounds "9"]
[EventCountry "GER"]
[SourceTitle "EXT 2019"]
[Source "ChessBase"]
[SourceDate "2018.10.10"]
[SourceVersion "1"]
[SourceVersionDate "2018.10.10"]
[SourceQuality "1"]
[WhiteTeam "Koblenz SV"]
[BlackTeam "Schott Mainz II"]
[WhiteTeamCountry "GER"]
[BlackTeamCountry "GER"]

1. e4 e5 2. f4 d5 3. exd5 exf4 4. Nf3 Nf6 5. Nc3 Nxd5 6. Bc4 Be6 7. Qe2 Be7 8. 0-0 c6 9. d4 0-0 10. Nxd5 Bxd5 11. Bxf4 Bd6 12. Ne5 Bxe5 13. Bxe5 Bxc4 14. Qxc4 Nd7 15. Bg3 Nb6 16. Qd3 Qd5 17. b3 Rad8 18. Rad1 Rfe8 19. c4 Qa5 20. a4 Qh5 21. Rd2 Rd7 22. Qf3 Qxf3 23. Rxf3 Red8 24. Rf4 Na8 25. Re4 Nc7 26. Bxc7 Rxc7 27. Kf2 Rcd7 28. Ke3 f6 29. b4 a6 30. Kd3 f5 0-1

[Event "Oberliga Sued W 1314"]
[Site "Germany"]
[Date "2013.12.15"]
[Round "4.2"]
[White "Lang, Torsten"]
[Black "Mueller, Marco"]
[Result "1-0"]
[WhiteElo "2338"]
[BlackElo "2205"]
[PlyCount "83"]
[EventDate "2013.10.13"]
[EventType "team-tourn"]
[EventRounds "9"]
[EventCountry "GER"]
[SourceTitle "EXT 2015"]
[Source "ChessBase"]
[SourceDate "2014.11.20"]
[SourceVersion "1"]
[SourceVersionDate "2014.11.20"]
[SourceQuality "1"]
[WhiteTeam "Landau"]
[BlackTeam "Schott Mainz II"]
[WhiteTeamCountry "GER"]
[BlackTeamCountry "GER"]

1. d4 d5 2. Bf4 Nf6 3. e3 g6 4. h3 Bg7 5. Nf3 0-0 6. Nbd2 c5 7. c3 Nc6 8. Ne5 Nd7 9. Nxd7 Bxd7 10. Nf3 Bf5 11. Be2 Qb6 12. Qb3 c4 13. Qxb6 axb6 14. 0-0 b5 15. a3 Rfe8 16. g4 Bc2 17. Rac1 Ba4 18. Rfe1 Rad8 19. Bf1 e6 20. Bg2 f6 21. e4 h6 22. Bc7 Rd7 23. Bg3 Kf7 24. Nd2 Na5 25. exd5 exd5 26. Rxe8 Kxe8 27. Nf1 Nc6 28. Ne3 Ne7 29. Bb8 b6 30. Re1 Kf7 31. Bg3 Bf8 32. f4 Bg7 33. Kf2 f5 34. gxf5 gxf5 35. Bh4 Ng6 36. Kg3 Nxh4 37. Kxh4 Re7 38. Bxd5+ Kg6 39. Kg3 h5 40. Kf3 Bh6 41. Rg1+ Kf6 42. Bg8 1-0

[Event "Oberliga Sued W 1112"]
[Site "Germany"]
[Date "2011.11.13"]
[Round "3"]
[White "Carow, Johannes"]
[Black "Mueller, Marco"]
[Result "1/2-1/2"]
[WhiteElo "2164"]
[BlackElo "2187"]
[PlyCount "53"]
[EventDate "2011.09.25"]
[EventType "team-tourn"]
[EventRounds "9"]
[EventCountry "GER"]
[SourceTitle "EXT 2013"]
[Source "ChessBase"]
[SourceDate "2012.11.22"]
[SourceVersion "1"]
[SourceVersionDate "2012.11.22"]
[SourceQuality "1"]
[WhiteTeam "Heidesheim"]
[BlackTeam "Schott Mainz II"]
[WhiteTeamCountry "GER"]
[BlackTeamCountry "GER"]

1. d4 d6 2. c4 f5 3. Nf3 g6 4. g3 Nf6 5. Bg2 Bg7 6. 0-0 0-0 7. Nc3 Qe8 8. b3 Na6 9. Bb2 e5 10. dxe5 dxe5 11. Nd5 e4 12. Ng5 c6 13. Nxf6+ Bxf6 14. Bxf6 Rxf6 15. Qd4 Qe7 16. Rad1 Rf8 17. Nh3 Be6 18. Nf4 Bf7 19. Qe3 Rfe8 20. Rd2 Qc5 21. Qxc5 Nxc5 22. h4 e3 23. Rd4 a5 24. Rfd1 exf2+ 25. Kxf2 Re7 26. R1d2 Rae8 27. Bf3 1/2-1/2

[Event "Rheinhessen-ch MT"]
[Site "Mainz"]
[Date "2009.04.10"]
[Round "6"]
[White "Mueller, Marco"]
[Black "Krasnopeyeva, Julia"]
[Result "1-0"]
[WhiteElo "2139"]
[BlackElo "1884"]
[PlyCount "105"]
[EventDate "2009.04.04"]
[EventType "tourn"]
[EventRounds "7"]
[EventCountry "GER"]
[SourceTitle "EXT 2011"]
[Source "ChessBase"]
[SourceDate "2010.11.26"]
[SourceVersion "1"]
[SourceVersionDate "2010.11.26"]
[SourceQuality "1"]

1. e4 e6 2. d3 d5 3. Nd2 c5 4. Ngf3 Nc6 5. g3 b6 6. Bg2 Bb7 7. 0-0 Nf6 8. Re1 Be7 9. exd5 Nxd5 10. Nc4 Bf6 11. c3 0-0 12. a4 Qc7 13. h4 Rad8 14. Ng5 h6 15. Ne4 e5 16. Qh5 Qd7 17. Ned6 Nde7 18. Nxb7 Qxb7 19. Nxe5 Bxe5 20. Rxe5 Qa6 21. Re1 Qxd3 22. Be4 Qd6 23. Bf4 Qf6 24. Rad1 Ng6 25. Bc1 Rfe8 26. Qf3 Qxf3 27. Bxf3 Nce5 28. Be2 Nd7 29. Bb5 Rxe1+ 30. Rxe1 Nf6 31. f4 Nf8 32. Kg2 Ne6 33. Kf3 Kf8 34. g4 Nc7 35. Bc4 a6 36. g5 hxg5 37. fxg5 Nfe8 38. h5 b5 39. axb5 axb5 40. Bb3 c4 41. Bc2 Ne6 42. Be3 Kg8 43. Ra1 N8c7 44. Be4 Nd5 45. Rd1 Nxe3 46. Rxd8+ Nxd8 47. Kxe3 Ne6 48. Bc6 Nxg5 49. Bxb5 Kh7 50. Bxc4 Kh6 51. b4 Nh7 52. Bxf7 Kg5 53. b5 1-0

[Event "Rheinhessen-ch MT"]
[Site "Mainz"]
[Date "2009.04.09"]
[Round "5"]
[White "Weber, Daniel1"]
[Black "Mueller, Marco"]
[Result "0-1"]
[WhiteElo "1791"]
[BlackElo "2139"]
[PlyCount "86"]
[EventDate "2009.04.04"]
[EventType "tourn"]
[EventRounds "7"]
[EventCountry "GER"]
[SourceTitle "EXT 2011"]
[Source "ChessBase"]
[SourceDate "2010.11.26"]
[SourceVersion "1"]
[SourceVersionDate "2010.11.26"]
[SourceQuality "1"]

1. e4 c5 2. Nf3 a6 3. c4 e6 4. d4 cxd4 5. Nxd4 Nf6 6. Nc3 Qc7 7. Be3 b6 8. Bd3 Bb7 9. 0-0 Nc6 10. Nxc6 dxc6 11. f4 0-0-0 12. Qe2 Ng4 13. Qxg4 Rxd3 14. Bf2 c5 15. Rad1 h5 16. Qe2 Rxd1 17. Rxd1 Bd6 18. g3 Qc6 19. Qd3 Be7 20. Qe2 Bf6 21. Re1 g6 22. Qe3 Rd8 23. Kf1 Bd4 24. Qe2 f5 25. Qf3 Rd6 26. Qe2 Bxc3 27. bxc3 Qxe4 28. Qxe4 Bxe4 29. Ke2 Kd7 30. Be3 Bd3+ 31. Kd2 Bxc4+ 32. Kc2 Bxa2 33. Re2 Bc4 34. Rd2 Rxd2+ 35. Bxd2 Kc6 36. Be3 Kd5 37. Kd2 Ke4 38. Bg1 Kf3 39. Kc2 Kg2 40. Be3 Kxh2 41. Bf2 Kg2 42. Be1 Kf1 43. Bd2 Kf2 0-1

[Event "Rheinhessen-ch MT"]
[Site "Mainz"]
[Date "2009.04.04"]
[Round "1"]
[White "Hegermann, Frank"]
[Black "Mueller, Marco"]
[Result "0-1"]
[WhiteElo "2116"]
[BlackElo "2139"]
[PlyCount "156"]
[EventDate "2009.04.04"]
[EventType "tourn"]
[EventRounds "7"]
[EventCountry "GER"]
[SourceTitle "EXT 2011"]
[Source "ChessBase"]
[SourceDate "2010.11.26"]
[SourceVersion "1"]
[SourceVersionDate "2010.11.26"]
[SourceQuality "1"]

1. d4 d6 2. Nf3 g6 3. g3 Bg7 4. Bg2 c5 5. 0-0 cxd4 6. Nxd4 Nf6 7. c4 0-0 8. Nc3 Ng4 9. h3 Ne5 10. b3 Nbc6 11. Nxc6 bxc6 12. Bb2 Rb8 13. Qd2 Qa5 14. Rac1 Be6 15. Ba1 Rfd8 16. Rfd1 Rbc8 17. Ne4 Qxd2 18. Rxd2 c5 19. f4 Nc6 20. e3 Bxa1 21. Rxa1 a5 22. Nc3 Kf8 23. Kf2 Bd7 24. g4 h6 25. Kg3 g5 26. Bxc6 Bxc6 27. h4 gxf4+ 28. Kxf4 Rb8 29. e4 a4 30. Rb1 Rb4 31. Nd5 Bxd5 32. exd5 Rdb8 33. Rdb2 axb3 34. axb3 Ra8 35. Kf5 Ra3 36. g5 h5 37. Kf4 Rb7 38. Kf5 Rba7 39. g6 f6 40. Re1 Ra1 41. Re4 Rb7 42. Rg2 Kg7 43. Rg3 Rh1 44. Ke6 Rf1 45. Ree3 Rf4 46. Rh3 Kxg6 47. Reg3+ Rg4 48. Rxg4+ hxg4 49. Rg3 f5 50. Rg1 Rxb3 51. Kxe7 Rc3 52. Kxd6 Rxc4 53. Kc7 Rd4 54. d6 Kh5 55. Rf1 f4 56. d7 f3 57. d8Q Rxd8 58. Kxd8 Kxh4 59. Kc7 g3 60. Rxf3 g2 61. Rf4+ Kg3 62. Rc4 g1Q 63. Kc6 Qd4 64. Rxc5 Kf4 65. Kb5 Qd7+ 66. Kb6 Ke4 67. Rc6 Kd4 68. Rc1 Qd6+ 69. Rc6 Qb4+ 70. Kc7 Kd5 71. Rb6 Qe7+ 72. Kc8 Kc5 73. Rb7 Qe8+ 74. Kc7 Qa8 75. Rb8 Qa5+ 76. Kb7 Qb6+ 77. Kc8 Qc6+ 78. Kd8 Kd6 0-1

[Event "Oberliga NRW 0203 I"]
[Site "Germany"]
[Date "2003.01.21"]
[Round "5.8"]
[White "Adam, Detlef"]
[Black "Mueller, Marco"]
[Result "0-1"]
[WhiteElo "2066"]
[BlackElo "2040"]
[PlyCount "59"]
[EventDate "2002.10.06"]
[EventType "team-tourn"]
[EventRounds "9"]
[EventCountry "GER"]
[SourceTitle "EXT 2004"]
[Source "ChessBase"]
[SourceDate "2003.11.25"]
[SourceVersion "1"]
[SourceVersionDate "2003.11.25"]
[SourceQuality "1"]
[WhiteTeam "Minden"]
[BlackTeam "Godesberg II"]
[WhiteTeamCountry "GER"]
[BlackTeamCountry "GER"]

1. e4 e6 2. d4 d5 3. exd5 exd5 4. Bd3 c5 5. dxc5 Bxc5 6. Ne2 Nf6 7. 0-0 0-0 8. c3 Nc6 9. Nd2 Ne5 10. Nb3 Bb6 11. Ned4 Bg4 12. f3 Bh5 13. Bf4 Nc4 14. Qc2 Rc8 15. Kh1 Bg6 16. Bxg6 hxg6 17. Bg5 Qd6 18. Rfe1 Rfe8 19. Rad1 Re7 20. Qf2 Rce8 21. Bc1 a5 22. g3 a4 23. Na1 Bxd4 24. cxd4 Qb6 25. b3 axb3 26. Nxb3 Qb4 27. Rxe7 Qxe7 28. Nc5 b6 29. Nd3 Qe2 30. Bd2 0-1